Príjmy z reklám určených na charitatívne účely

Pojem tzv. „charitatívna reklama“ bol zavedený zákonom č. 344/2017 Z. z., ktorým sa menil a doplnil zákon č. 595/2003 Z. z. o dani z príjmov v z. n. p., keď sa s účinnosťou od 1. 1. 2018 legislatívne doplnila a upravila možnosť oslobodenia príjmov z tzv. „charitatívnych reklám“. Subjekty, ktoré si m...

Full description

Saved in:
Bibliographic Details
Main Author: Glazelová, Ivana
Format: Book Chapter
Language:Slovak
Subjects:
Tags: Add Tag
No Tags, Be the first to tag this record!

MARC

LEADER 00000naa a2200000 4500
001 0312730
005 20251010110923.1
041 0 |a slo 
044 |a SK 
245 1 0 |a Príjmy z reklám určených na charitatívne účely  |c Ivana Glazelová 
520 |a Pojem tzv. „charitatívna reklama“ bol zavedený zákonom č. 344/2017 Z. z., ktorým sa menil a doplnil zákon č. 595/2003 Z. z. o dani z príjmov v z. n. p., keď sa s účinnosťou od 1. 1. 2018 legislatívne doplnila a upravila možnosť oslobodenia príjmov z tzv. „charitatívnych reklám“. Subjekty, ktoré si môžu uplatniť oslobodenie. 
610 2 0 |a dane z príjmov 
610 2 0 |a reklama 
610 2 0 |a charita 
610 2 0 |a oslobodenie od daní 
610 2 0 |a zákony 
100 1 |a Glazelová, Ivana